000 00652nam a2200265Ia 4500
003 OSt
005 20221005123918.0
006 a|||||r|||| 00| 0
007 ta
008 221004b |||||||| |||| 00| 0 tam d
020 _c1.75
024 _a48337
037 _cTextual
040 _aCRL
_cCRL
_btam
041 _2tam
_atam
082 _aO31,1C93:g, K1
100 _aKandasamy Au.
_9634421
245 0 _aMani me kalaiyin kalam
260 _c1961
300 _a110p.
_ccm.
650 _a TAMIL POETRY
650 _aTAMIL LITERATURE
942 _hO31,1C93:g, K1
_cTEXL
_2cc
999 _c1048910
_d1048910